Sports Quiz

Random Sports Quiz

French championship winning teams Quiz Stats

 Plays Quiz not verified by Sporcle

Challenge
Share
Tweet
Embed
Score 0/17 Timer 05:00
0 Plays Today
Nombre de fois Equipe % Correct
9???
100%
3???
99.3%
7???
98.6%
10???
97.2%
6???
97.2%
8???
96.5%
7???
95.8%
1???
94.4%
1???
94.4%
Nombre de fois Equipe % Correct
1???
87.3%
2???
86.6%
6???
80.3%
1???
78.2%
4???
76.1%
1???
59.9%
2???
57%
2???
18.3%

You're not logged in!

Compare scores with friends on all Sporcle quizzes.
OR
Log In

You Might Also Like...

Show Comments

Extras

Created Dec 23, 2012SourceReportNominate
Tags:ligue

Top Quizzes Today


Score Distribution

Your Account Isn't Verified!

In order to create a playlist on Sporcle, you need to verify the email address you used during registration. Go to your Sporcle Settings to finish the process.

Report this User

Report this user for behavior that violates our Community Guidelines.

Details: